000
00388nam a2200145Ia 4500
008
100122s9999 xx 000 0 und d
082
_b
68056
_a
923.854
100
_a
पवार प्रताप
245
_a
वाटचाल
260
_b
सकाळ पेपर्स
_c
2005
300
_a
10
630
_a
वाटचाल
730
_a
वाटचाल
942
_c
BOOK
999
_c
439814
_d
439811